Comprehensive Textbook of Midwifery and Gynaecological Nursing (Record no. 158590)

MARC details
000 -LEADER
fixed length control field 00415nam a2200145Ia 4500
008 - FIXED-LENGTH DATA ELEMENTS--GENERAL INFORMATION
fixed length control field 230411s9999 xx 000 0 und d
020 ## - INTERNATIONAL STANDARD BOOK NUMBER
International Standard Book Number 978-93-5270-678-5
041 ## - LANGUAGE CODE
Language code of text/sound track or separate title eng
082 ## - DEWEY DECIMAL CLASSIFICATION NUMBER
Classification number AN/610.73/DEV/B09557
100 ## - MAIN ENTRY--PERSONAL NAME
Personal name Jacob Annamma
245 ## - TITLE STATEMENT
Title Comprehensive Textbook of Midwifery and Gynaecological Nursing
260 ## - PUBLICATION, DISTRIBUTION, ETC. (IMPRINT)
Name of publisher, distributor, etc. Jaypee Brothers
Place of publication, distribution, etc. New Delhi
Date of publication, distribution, etc. 2019
300 ## - PHYSICAL DESCRIPTION
Extent 468p
Holdings
Withdrawn status Lost status Damaged status Not for loan Collection code Home library Current library Date acquired Vendor Cost, normal purchase price Bill number Total Checkouts Total Renewals Full call number Barcode Checked out Date last seen Date last checked out Cost, replacement price Bill Date Koha item type Original Barcode
        Gynecology Smt. Bakul Tambat Institute of Nursing Education Smt. Bakul Tambat Institute of Nursing Education 01/07/2021 Patil Medical Book House 1250.00 10500 25 22 AN 610.73 DEV B09557 BTIN-BK-9557 09/04/2026 30/01/2026 30/01/2026 875.00 01/07/2021 Books B09557
        Gynecology Smt. Bakul Tambat Institute of Nursing Education Smt. Bakul Tambat Institute of Nursing Education 01/07/2021 Patil Medical Book House 1250.00 10500 31 22 AN 610.73 DEV B09560 BTIN-BK-9560 09/04/2026 30/01/2026 30/01/2026 875.00 01/07/2021 Books B09560